000 00604cam a22002053a 4500
001 42983
003 PGUSA
005 20140828083958.0
008 130618s2013||||xxu|||||s|||||000 | eng d
040 _aPGUSA
_beng
042 _adc
100 1 _aHemmeon, Joseph Clarence,
_d1880-
245 1 4 _aThe History of the British Post Office
_h[electronic resource] /
_cJoseph Clarence Hemmeon
260 _bProject Gutenberg,
_c2013
506 _aPublic domain in the USA.
516 _aElectronic text
830 0 _aProject Gutenberg
_v42983
856 4 0 _uhttp://www.gutenberg.org/ebooks/42983
942 _cEB
999 _c272234
_d272234